Xây dựng nông thôn mới thời kỳ CNH - HĐH, giai đoạn 2010 - 2020

Gồm các nội dung: Sự cần thiết của chương trình; Căn cứ xây dựng chương trình; Mục tiêu, phạm vi, nguyên tắc thực hiện; Nội dung; Giải pháp chủ yếu thực hiện; Tổ chức thực hiện; Hiệu quả của Chương trình....

Volledige beschrijving

Bewaard in:
Bibliografische gegevens
Hoofdauteur: Bộ Nông nghiệp và Phát triển nông thôn
Formaat: Boek
Taal:Undetermined
Gepubliceerd in: [k.x.đ], 2009
Onderwerpen:
Online toegang:http://lrc.tdmu.edu.vn/opac/search/detail.asp?aID=2&ID=24295
Tags: Voeg label toe
Geen labels, Wees de eerste die dit record labelt!
Thư viện lưu trữ: Trung tâm Học liệu Trường Đại học Thủ Dầu Một
LEADER 01128nam a2200181Ia 4500
001 TDMU_24295
008 210410s9999 xx 000 0 und d
082 |a 307.72 
090 |b B450 
100 |a Bộ Nông nghiệp và Phát triển nông thôn 
245 0 |a Xây dựng nông thôn mới thời kỳ CNH - HĐH, giai đoạn 2010 - 2020 
245 0 |c Bộ Nông nghiệp và Phát triển nông thôn 
260 |b [k.x.đ], 2009 
300 |a 37 tr 
520 |a Gồm các nội dung: Sự cần thiết của chương trình; Căn cứ xây dựng chương trình; Mục tiêu, phạm vi, nguyên tắc thực hiện; Nội dung; Giải pháp chủ yếu thực hiện; Tổ chức thực hiện; Hiệu quả của Chương trình. 
650 |a Nông nghiệp  |x Xây dựng nông thôn mới  |y 2010 - 2020; Xây dựng nông thôn mới thời kỳ CNH - HĐH  |y  2010 - 2020 
856 |u http://lrc.tdmu.edu.vn/opac/search/detail.asp?aID=2&ID=24295 
980 |a Trung tâm Học liệu Trường Đại học Thủ Dầu Một